书目信息 |
| 题名: |
20世纪西方消费社会理论研究
|
|
| 作者: | 莫少群 著 | |
| 分册: | ||
| 出版信息: | 北京 社会科学文献出版社 2006 |
|
| 页数: | 259页 | |
| 开本: | 22cm | |
| 丛书名: | 江苏省哲学社会科学重点学术著作·青年文库 | |
| 单 册: | ||
| 中图分类: | F113.9 | |
| 科图分类: | ||
| 主题词: | 消费--社会学--研究--西方国家--20世纪 , 消费 , 社会学 , 经济--世界 , 国际经济关系 | |
| 电子资源: | ||
| ISBN: | 7-80230-217-X | |
| 000 | 01304oam2 2200301 450 | |
| 001 | 1138214051 | |
| 005 | 20111004103854.00 | |
| 010 | @a7-80230-217-X@dCNY25.00 | |
| 100 | @a20060104d2006 em y0chiy50 ea | |
| 101 | 0 | @achi |
| 102 | @aCN@b110000 | |
| 105 | @ay z 000yy | |
| 200 | 1 | @a20世纪西方消费社会理论研究@A20 shi ji xi fang xiao fei she hui li lun yan jiu@dA study of western theories on consumer society in the 20th century@f莫少群著@zeng |
| 210 | @a北京@c社会科学文献出版社@d2006 | |
| 215 | @a259页@d22cm | |
| 225 | 2 | @a江苏省哲学社会科学重点学术著作·青年文库 |
| 330 | @a本书基于现代西方有关消费社会研究的主流文献,对消费社会研究兴起的社会文化背景、研究主题、研究特征进行了深入的探讨和分析,区分出消费社会研究所持有的两种批判性立场,系统考察了消费社会研究的理论基础和话语资源,挖掘和提炼出消费社会的批判论体系,实现了对消费社会理论知识的“重构”。 | |
| 461 | 0 | @12001 @a江苏省哲学社会科学重点学术著作·青年文库 |
| 510 | 1 | @aStudy of western theories on consumer society in the 20th century@zeng |
| 606 | 0 | @a消费@x社会学@x研究@y西方国家@z20世纪 |
| 606 | 0 | @a消费 |
| 606 | 0 | @a社会学 |
| 606 | 0 | @a经济@x世界 |
| 606 | 0 | @a国际经济关系 |
| 690 | @aF113.9@v4 | |
| 701 | 0 | @a莫少群@Amo shao qun@f(1965.10~)@4著 |
| 801 | 0 | @aCN@bNLC@c20101222 |
| 905 | @a10447@dF113.9@eJY53 | |
| 20世纪西方消费社会理论研究=A study of western theories on consumer society in the 20th century/莫少群著.-北京:社会科学文献出版社,2006 |
| 259页;22cm.-(江苏省哲学社会科学重点学术著作·青年文库) |
| ISBN 7-80230-217-X:CNY25.00 |
| 本书基于现代西方有关消费社会研究的主流文献,对消费社会研究兴起的社会文化背景、研究主题、研究特征进行了深入的探讨和分析,区分出消费社会研究所持有的两种批判性立场,系统考察了消费社会研究的理论基础和话语资源,挖掘和提炼出消费社会的批判论体系,实现了对消费社会理论知识的“重构”。 |
| ● |
| 相关链接 |
|
|
|
|
正题名:20世纪西方消费社会理论研究
索取号:F113.9/JY53
 
预约/预借
| 序号 | 登录号 | 条形码 | 馆藏地/架位号 | 状态 | 备注 |
| 1 | 7813412 | 278134127 | 学院路分馆/ [索取号:F113.9/JY53] | 在馆 | |
| 2 | 7813413 | 278134136 | 学院路分馆/ [索取号:F113.9/JY53] | 在馆 |